|
|
|
|
| LEADER |
01106nab#a2200373#ar4500 |
| 001 |
000000443 |
| 003 |
SVKKK |
| 005 |
00000000000000.0 |
| 008 |
c xo e engo |
| FMT |
|
|
|
| 038 |
|
|
|a SVKKK
|
| 040 |
|
|
|a SVKKK
|b slo
|e AACR2
|
| 041 |
0 |
|
|a eng
|
| 044 |
|
|
|a xo
|c SK
|
| 080 |
|
|
|a 551.2(438)(234.372.3
|2 1981
|
| 080 |
|
|
|a 551.763.
|2 1981
|
| 100 |
1 |
|
|a Winkler, Wilfried
|4 aut
|
| 242 |
1 |
0 |
|a Vrchnokriedový paleogénový geodynamický model Západných Karpát v Poľsku
|
| 245 |
1 |
0 |
|a A Late Cretaceous to Paleogene geodynamic model for the Western Carpathians in Poland
|c Winkler Wilfried, Slaczka Andrzej
|
| 300 |
|
|
|b Obr. 5, tab. 3, lit. 34 zázn. v angl., nem., poľ.
|
| 650 |
0 |
4 |
|a eocén
|x geodynamika
|x štúdie
|
| 650 |
0 |
4 |
|a kovy minerálne
|
| 650 |
0 |
4 |
|a nánosy flyšové
|
| 700 |
1 |
|
|a Slaczka, Andrzej
|4 aut
|
| 773 |
0 |
|
|t Geologica Carpathica
|x 0016-7738
|g Roč. 45, č. 2(1994), dát. april, s. 71-82
|
| 958 |
|
|
|a MS
|
| 958 |
|
|
|a NB
|
| 958 |
|
|
|a NP
|
| 958 |
|
|
|a PL
|
| 974 |
|
|
|d 941214
|a 244
|
| 992 |
|
|
|a RBX
|
| BAS |
|
|
|
| 852 |
|
|
|a SVKKK
|b BIB
|
| 998 |
|
|
|a GEO
|